000 00817nam a2200277Ia 4500
001 5076
005 20240113233815.0
007 ta
008 050616s1989 a g b000 u eng u
020 _a81-7023-255-4
040 _aCotton College,Assam
041 _aeng
082 _a596.54
_bSa 21 Re
100 _aSaidapur, Srinivas K..
245 0 _aReproductive Cycles of Indian Vertebrates /
_cSrinivas K. Saidapur.
_hTextual Documents
250 _a1st ed. /
260 _aAhmedabad :
_bAllied Publishers Ltd. ,
_c1989.
300 _axviii, 466p. :
_bill. ;
_c24cm .
504 _aBib, Index
653 _aZoology-Vertebrates-Reproductive Cycles-India
653 _aVertebrates-Reproductive cycles-India
653 _aPG-Zoology
942 _2ddc
_cBK
999 _c5063
_d5063